000 00220nmm a2200085Ia 4500
008 220120s9999||||xx |||||||||||||||||und||
100 _aDa Vinci
245 0 _aHDL ; programming fundamentals VHDL and Verilog
260 _b2012
999 _c138759
_d138759